Statystyki dla Rzeka ktore ustawiaja Granice #1Azja

Kliknij tutaj aby rozwiązać quiz!

Ogólne statystyki

  • Ten quiz został rozwiązany 35 razy
  • Średni wynik to 9 z 12

Statystyki odpowiedzi

OdpowiedźHint% Poprawnych
Chiny
97%
ChinyIrawadi
97%
RosjaAmur
97%
LaosMekong
94%
Tajlandia
85%
Tajlandia
85%
TurkmenistanAmu-daria
82%
Uzbekistan
82%
UzbekistanAmu-daria
82%
Afghanistan
76%
Mjanmar
21%
MjanmarIrawadi
21%

Rozkład punktacji

Percentyl według liczby udzielonych odpowiedzi

Procent ludzi z każdym wynikiem

Twoja historia wyników

Nie rozwiązałeś tego quizu